Midnight on the moon / (Record no. 1022)
[ view plain ]
| 000 -LEADER | |
|---|---|
| fixed length control field | 01147pam a2200325 a 4500 |
| 005 - DATE AND TIME OF LATEST TRANSACTION | |
| control field | 20250709153802.0 |
| 020 ## - INTERNATIONAL STANDARD BOOK NUMBER | |
| International Standard Book Number | 0679863745 (pbk.) |
| 020 ## - INTERNATIONAL STANDARD BOOK NUMBER | |
| International Standard Book Number | 0590988255 |
| 040 ## - CATALOGING SOURCE | |
| Original cataloging agency | DLC |
| Transcribing agency | DLC |
| Modifying agency | DLC |
| Language of cataloging | eng |
| 050 00 - LIBRARY OF CONGRESS CALL NUMBER | |
| Classification number | PZ7.O81167 |
| Item number | Mi 1996 |
| 082 00 - DEWEY DECIMAL CLASSIFICATION NUMBER | |
| Classification number | Fic |
| Edition number | 20 |
| 100 1# - MAIN ENTRY--PERSONAL NAME | |
| Personal name | Osborne, Mary Pope. |
| 245 10 - TITLE STATEMENT | |
| Title | Midnight on the moon / |
| Statement of responsibility, etc. | by Mary Pope Osborne ; illustrated by Sal Murdocca. |
| 250 ## - EDITION STATEMENT | |
| Edition statement | First Scholastic printing, January 1997 |
| 260 ## - PUBLICATION, DISTRIBUTION, ETC. | |
| Place of publication, distribution, etc. | New York : |
| Name of publisher, distributor, etc. | Scholastic, |
| Date of publication, distribution, etc. | 1996. |
| 300 ## - PHYSICAL DESCRIPTION | |
| Extent | 70 pages : |
| Other physical details | illustrations ; |
| Dimensions | 20 cm |
| 490 1# - SERIES STATEMENT | |
| Series statement | Magic tree house |
| Volume/sequential designation | Book 8 |
| 500 ## - GENERAL NOTE | |
| General note | "A first stepping stone book." |
| 505 ## - FORMATTED CONTENTS NOTE | |
| Formatted contents note | J <br/> |
| 520 ## - SUMMARY, ETC. | |
| Summary, etc. | The magic treehouse takes Jack and Annie to a moon base in the future where they continue to search for the fourth thing they need to free their friend Morgan from the magician's spell. |
| 521 ## - TARGET AUDIENCE NOTE | |
| Target audience note | 490 <br/> |
| Source | Lexile <br/> |
| 521 ## - TARGET AUDIENCE NOTE | |
| Target audience note | J <br/> |
| Source | Raz-Plus <br/> |
| 650 #1 - SUBJECT ADDED ENTRY--TOPICAL TERM | |
| Topical term or geographic name entry element | Time travel |
| General subdivision | Fiction. |
| 650 #1 - SUBJECT ADDED ENTRY--TOPICAL TERM | |
| Topical term or geographic name entry element | Magic |
| General subdivision | Fiction. |
| 650 #1 - SUBJECT ADDED ENTRY--TOPICAL TERM | |
| Topical term or geographic name entry element | Science fiction. |
| 700 1# - ADDED ENTRY--PERSONAL NAME | |
| Personal name | Murdocca, Sal |
| Relator term | illustrator |
| 906 ## - LOCAL DATA ELEMENT F, LDF (RLIN) | |
| a | 7 |
| b | cbc |
| c | orignew |
| d | 1 |
| e | ocip |
| f | 19 |
| g | y-gencatlg |
| 942 ## - ADDED ENTRY ELEMENTS (KOHA) | |
| Source of classification or shelving scheme | Dewey Decimal Classification |
| Koha item type | Books |
| Suppress in OPAC | No |
| 999 ## - | |
| -- | 1022 |
| -- | 1022 |
| Withdrawn status | Lost status | Source of classification or shelving scheme | Damaged status | Not for loan | Collection | Home library | Current library | Shelving location | Date acquired | Total Checkouts | Full call number | Barcode | Date last seen | Date last checked out | Copy number | Price effective from | Koha item type |
|---|---|---|---|---|---|---|---|---|---|---|---|---|---|---|---|---|---|
| Dewey Decimal Classification | Juvenile Fiction | Footprints International School Library Network Toul Kork Campus | Footprints International School Library Network Toul Kork Campus | TK Primary Library Room(4th Floor), Bookcase 1&2, Shelves 1-16, Dark Blue Books | 02/22/2024 | 2 | OSB Fic PZ7.O81167 | FISTK00471 | 12/18/2024 | 12/11/2024 | 2 | 07/18/2023 | Books | ||||
| Dewey Decimal Classification | Juvenile Fiction | Footprints International School Library Network Toul Tom Poung Campus | Footprints International School Library Network Toul Tom Poung Campus | TTP Primary Dark Blue Bookshelves | 07/18/2023 | 3 | OSB Fic PZ7.O81167 | FISBK00074 | 04/24/2025 | 04/03/2025 | 1 | 07/18/2023 | Books | ||||
| Dewey Decimal Classification | Juvenile Fiction | Footprints International School Library Network Toul Tom Poung Campus | Footprints International School Library Network Toul Tom Poung Campus | TTP Primary Dark Blue Bookshelves | 07/18/2023 | 3 | OSB Fic PZ7.O81167 | FISBK00072 | 04/21/2025 | 04/07/2025 | 3 | 07/18/2023 | Books | ||||
| Dewey Decimal Classification | Juvenile Fiction | Footprints International School Library Network Toul Tom Poung Campus | Footprints International School Library Network Toul Tom Poung Campus | TTP Primary Dark Blue Bookshelves | 07/18/2023 | 4 | OSB Fic PZ7.O81167 | FISBK00075 | 05/07/2025 | 04/23/2025 | 4 | 07/18/2023 | Books | ||||
| Dewey Decimal Classification | Juvenile Fiction | Footprints International School Library Network Toul Tom Poung Campus | Footprints International School Library Network Toul Tom Poung Campus | TTP Primary Dark Blue Bookshelves | 07/09/2025 | OSB Fic PZ7.O81167 | 2025-1798 | 07/09/2025 | 5 | 07/09/2025 | Books |
